000 00926nam a2200241 4500
001 122116
003 ES-MaACL
005 20230906191919.0
007 t|
008 070214s1977 sp r ||||1| spa d
020 _a84-292-5104-9
100 1 _aPrieto, Fernando.
_993882
245 1 3 _aEl pensamiento político de Séneca :
_bleída como tesis para el doctorado en ciencias políticas en la Universidad Complutense de Madrid el 18 de junio de 1974 /
_cFernando Prieto.
250 _a1ª ed.
260 _aMadrid :
_bRevista de Occidente,
_c1977.
300 _a382 p. ;
_c19 cm.
500 _aApéndice: Guión para una antología de los textos políticos de Séneca, p. 353-365.
502 _aTesis-Univ. Complutense.
504 _aBibliografía: p. 365-377.
600 1 4 _aSéneca, Lucio Anneo-
_xPensamiento político.
_9171950
710 2 _aUniversidad Complutense de Madrid.
_97098
852 _aES-MaACL
_jA-6967
999 _c122116
_d122116